Event Management
Saved in:
| Format: | Serial |
|---|---|
| Language: | English |
| Published: |
New York
Cognizant Communication Corporation
|
| Tags: |
No Tags, Be the first to tag this record!
|
MARC
| LEADER | 00000nas1a2200000 4500 | ||
|---|---|---|---|
| 001 | 0269927 | ||
| 005 | 20250701092116.5 | ||
| 022 | |a 1525-9951 | ||
| 022 | |a 1943-4308 | ||
| 041 | 0 | |a eng | |
| 044 | |a US | ||
| 245 | 1 | 0 | |a Event Management |
| 264 | 1 | |a New York |b Cognizant Communication Corporation | |